<?xml version="1.0" encoding="UTF-8"?>
<record
    xmlns:xsi="http://www.w3.org/2001/XMLSchema-instance"
    xsi:schemaLocation="http://www.loc.gov/MARC21/slim http://www.loc.gov/standards/marcxml/schema/MARC21slim.xsd"
    xmlns="http://www.loc.gov/MARC21/slim">

  <leader>03816cam a22004455a 4500</leader>
  <controlfield tag="001">ocn840878153</controlfield>
  <controlfield tag="003">OSt</controlfield>
  <controlfield tag="005">20160310121530.0</controlfield>
  <controlfield tag="008">130422t2013    ilua   frb    001 0 eng d</controlfield>
  <datafield tag="010" ind1=" " ind2=" ">
    <subfield code="a">  2013016328</subfield>
  </datafield>
  <datafield tag="020" ind1=" " ind2=" ">
    <subfield code="a">9780867155280</subfield>
  </datafield>
  <datafield tag="035" ind1=" " ind2=" ">
    <subfield code="a">(OCoLC)ocn840878153</subfield>
  </datafield>
  <datafield tag="035" ind1=" " ind2=" ">
    <subfield code="a">(OCoLC)840878153</subfield>
  </datafield>
  <datafield tag="040" ind1=" " ind2=" ">
    <subfield code="a">DNLM/DLC</subfield>
    <subfield code="b">eng</subfield>
    <subfield code="c">DLC</subfield>
    <subfield code="d">NLM</subfield>
    <subfield code="d">YDXCP</subfield>
    <subfield code="d">BTCTA</subfield>
    <subfield code="d">EG-ScBUE</subfield>
  </datafield>
  <datafield tag="082" ind1="0" ind2="4">
    <subfield code="a">617.605</subfield>
    <subfield code="b">SUM</subfield>
    <subfield code="2">22</subfield>
  </datafield>
  <datafield tag="245" ind1="0" ind2="0">
    <subfield code="a">Summitt's fundamentals of operative dentistry :</subfield>
    <subfield code="b">a contemporary approach /</subfield>
    <subfield code="c">edited by Thomas J. Hilton, Jack L. Ferracane, James C. Broome ; Illustrations by Jos&#xE9; dos Santos.</subfield>
  </datafield>
  <datafield tag="246" ind1="3" ind2="0">
    <subfield code="a">Fundamentals of operative dentistry</subfield>
  </datafield>
  <datafield tag="246" ind1="3" ind2="0">
    <subfield code="a">Operative dentistry</subfield>
  </datafield>
  <datafield tag="250" ind1=" " ind2=" ">
    <subfield code="a">4th ed.</subfield>
  </datafield>
  <datafield tag="260" ind1=" " ind2=" ">
    <subfield code="a">Hanover Park : </subfield>
    <subfield code="b">Quintessence Publishing, </subfield>
    <subfield code="c">c.2013.</subfield>
  </datafield>
  <datafield tag="300" ind1=" " ind2=" ">
    <subfield code="a">xii, 600 p. :</subfield>
    <subfield code="b">ill. (col.);</subfield>
    <subfield code="c">29 cm.</subfield>
  </datafield>
  <datafield tag="500" ind1=" " ind2=" ">
    <subfield code="a">Preceded by Fundamentals of operative dentistry / edited by James B. Summitt ... [et al.]. 3rd ed. c2006.</subfield>
  </datafield>
  <datafield tag="500" ind1=" " ind2=" ">
    <subfield code="a">Index : p. 585-600.</subfield>
  </datafield>
  <datafield tag="500" ind1=" " ind2=" ">
    <subfield code="a">Dr. Bruce A. Matic, Prof. Emeritus, Dept. of Restorative Dentistry, Dr. Michael E. Cochran, Prof. Emeritus, Dept. of Restorative Dentistry and former IUSD faculty member Carlos Gonz&#xE1;lez-Cabezas co-authored Chapter 1 entitled " Ecology of the oral cavity".</subfield>
  </datafield>
  <datafield tag="504" ind1=" " ind2=" ">
    <subfield code="a">Includes bibliographical references.</subfield>
  </datafield>
  <datafield tag="505" ind1="0" ind2=" ">
    <subfield code="a">Biologic considerations / Terry J. Fruits, Sharukh S. Khajotia, Jerry W. Nicholson -- Patient evaluation and problem-oriented treatment planning / William F. Rose Jr., Carl W. Haveman, and Richard D. Davis -- Esthetic considerations in diagnosis and treatment planning / J. William Robbins -- Color and shade matching / Rade Paravina -- Caries management : diagnosis and treatment strategies / Bennett T. Amaechi, J. Peter van Amerongen, Cor van Loveren, and Edwina A.M. Kidd -- Pulpal considerations / Thomas J. Hilton and James B. Summitt -- Nomenclature and instrumentation / James B. Summitt -- Field isolation / James B. Summitt -- Adhesion to enamel and dentin / Lorenzo Breschi, Jack L. Ferracane, Milena Cadenaro, Annalisa Mazzoni and Thomas Hilton -- Direct anterior restorations / Marcos A. Vargas, David F. Murchison, Joost Roeters, and Daniel C.N. Chan -- Direct posterior esthetic restorations / Thomas J. Hilton and James C. Broome -- Amalgam restorations / J.D. Overton, James B. Summitt, and John W. Osborne -- Diagnosis and treatment of root caries / Bruce A. Matis, Carlos Gon&#xE1;lez-Cabezas, Michael A. Cochran -- Fluoride-releasing materials / Deniz Cakir-Ustun, Nathaniel C. Lawson, and John O. Burgess -- Class 5 restorations / J.D. Overton, Mark L. LittleStar, and Clifford B. Starr -- Natural tooth bleaching / Van B. Haywood, Juliana daCosta, and Thomas G. Berry -- Porcelain veneers / Jeffrey S. Rouse and J. William Robbins -- Anterior ceramic crowns / Jeffrey S. Rouse -- Esthetic inlays and onlays / Dennis J. Fasbinder, Gisele Neiva and J. William Robbins -- Cast gold restorations / Patrice P. Fan, Richard Stevenson, and Thomas G. Berry -- Restoration of endodontically treated teeth / James C. Broome and J. William Robbins.</subfield>
  </datafield>
  <datafield tag="650" ind1=" " ind2="0">
    <subfield code="a">Aesthetics.</subfield>
    <subfield code="2">BUEsh</subfield>
  </datafield>
  <datafield tag="650" ind1=" " ind2="7">
    <subfield code="a">Dentistry, Operative.</subfield>
    <subfield code="2">BUEsh</subfield>
    <subfield code="9">30617</subfield>
  </datafield>
  <datafield tag="650" ind1=" " ind2="7">
    <subfield code="a">Dental implants.</subfield>
    <subfield code="2">BUEsh</subfield>
    <subfield code="9">35980</subfield>
  </datafield>
  <datafield tag="651" ind1=" " ind2=" ">
    <subfield code="2">BUEsh</subfield>
  </datafield>
  <datafield tag="653" ind1=" " ind2=" ">
    <subfield code="b">DDent</subfield>
    <subfield code="c">March2016</subfield>
  </datafield>
  <datafield tag="700" ind1="1" ind2=" ">
    <subfield code="a">Hilton, Thomas J.,</subfield>
    <subfield code="e">editor of compilation.</subfield>
  </datafield>
  <datafield tag="700" ind1="1" ind2=" ">
    <subfield code="a">Ferracane, Jack L.,</subfield>
    <subfield code="e">editor of compilation.</subfield>
    <subfield code="9">32536</subfield>
  </datafield>
  <datafield tag="700" ind1="1" ind2=" ">
    <subfield code="a">Broome, James C.,</subfield>
    <subfield code="e">editor of compilation.</subfield>
  </datafield>
  <datafield tag="700" ind1="1" ind2=" ">
    <subfield code="a">dos Santos, Jos&#xE9;, </subfield>
    <subfield code="e">printer of plates.</subfield>
  </datafield>
  <datafield tag="700" ind1="1" ind2=" ">
    <subfield code="a">Matis, Bruce A., </subfield>
    <subfield code="e"> contributor.</subfield>
    <subfield code="t"> Ecology of the oral cavity.</subfield>
  </datafield>
  <datafield tag="700" ind1="1" ind2=" ">
    <subfield code="a">Cochran, Michael A.</subfield>
    <subfield code="q">(Michael Alan),</subfield>
    <subfield code="d"> 1944-,</subfield>
    <subfield code="e"> contributor.</subfield>
    <subfield code="t"> Ecology of the oral cavity.</subfield>
  </datafield>
  <datafield tag="700" ind1="1" ind2=" ">
    <subfield code="a">Gonz&#xE1;lez-Cabezas, Carlos,</subfield>
    <subfield code="d"> 1966- ,</subfield>
    <subfield code="e"> contributor.</subfield>
    <subfield code="t"> Ecology of the oral cavity.</subfield>
  </datafield>
  <datafield tag="942" ind1=" " ind2=" ">
    <subfield code="2">ddc</subfield>
  </datafield>
  <datafield tag="999" ind1=" " ind2=" ">
    <subfield code="c">21365</subfield>
    <subfield code="d">21337</subfield>
  </datafield>
  <datafield tag="952" ind1=" " ind2=" ">
    <subfield code="0">0</subfield>
    <subfield code="1">0</subfield>
    <subfield code="2">ddc</subfield>
    <subfield code="4">0</subfield>
    <subfield code="7">0</subfield>
    <subfield code="8">Al-Dar AlA</subfield>
    <subfield code="a">MAIN</subfield>
    <subfield code="b">MAIN</subfield>
    <subfield code="c">1ST</subfield>
    <subfield code="d">2016-03-10</subfield>
    <subfield code="e">Purchase</subfield>
    <subfield code="g">1250.00</subfield>
    <subfield code="h">583</subfield>
    <subfield code="l">1</subfield>
    <subfield code="m">48</subfield>
    <subfield code="o">617.605 SUM</subfield>
    <subfield code="p">000031943</subfield>
    <subfield code="q">2022-05-28</subfield>
    <subfield code="r">2018-04-18 00:00:00</subfield>
    <subfield code="s">2018-04-18</subfield>
    <subfield code="v">1563.00</subfield>
    <subfield code="y">BB</subfield>
  </datafield>
</record>
